Integrální rovnice : Matematika pro vysoké školy technické /

Uložené v:
Podrobná bibliografia
Hlavný autor: Drábek, Pavel (Autor)
Médium: Kniha
Jazyk:Czech
Vydavateľské údaje: Praha : SNTL, 1991
Vydanie:1.vyd.
Predmet:
Tagy: Pridať tag
Žiadne tagy, Buďte prvý, kto otaguje tento záznam!

MARC

LEADER 00000nam a22000003a 4500
001 stu35656
005 20150617225731.5
008 920429s1991----cs------------------cze-d
020 |a 80-03-00280-X 
040 |a STU  |b slo 
041 0 |a cze 
044 |a cs 
080 |a 517.968(075.8) 
100 1 |a Drábek, Pavel  |4 aut 
245 1 |a Integrální rovnice :  |b Matematika pro vysoké školy technické /  |c [aut.]Pavel Drábek 
250 |a 1.vyd. 
260 |a Praha :  |b SNTL,  |c 1991 
300 |a 162 s 
650 7 |a Rovnice integrálne  |2 stusub 
996 |b 284M021197  |c M*7920-1  |l MMKN  |s A  |a 24  |w stu35656_0001 
996 |b 284M021196  |c M*7920-2  |l MMKN  |s A  |a 24  |w stu35656_0002